Transformative Health Technologies: Shaping the Landscape of Connected Health in Patient Care
Salvato in:
| Autore principale: | |
|---|---|
| Altri autori: | |
| Natura: | Manoscritto Libro |
| Lingua: | slovacco inglese |
| Pubblicazione: |
2024
|
| Soggetti: | |
| Accesso online: | http://is.stuba.sk/zp/portal_zp.pl?podrobnosti_zp=99177 |
| Tags: |
Nessun Tag, puoi essere il primo ad aggiungerne!!
|
MARC
| LEADER | 00000ntm a22000003a 4500 | ||
|---|---|---|---|
| 001 | stuzp99177 | ||
| 003 | SK-STU | ||
| 005 | 20240601210511.0 | ||
| 007 | ta | ||
| 008 | 150427s2015----xo-----f-mn---000-0-slo-d | ||
| 040 | |a STU |b slo | ||
| 041 | 0 | |a eng | |
| 100 | 1 | |a Lehocki, Fedor |u 070200 |k Z1 |4 aut |U FIIT Fakulta informatiky a informačných technológií |T FIIT Ústav informatiky, informačných systémov a softvérového inžinierstva |X 1888 |U I200 |Y 179 |7 000001888 | |
| 242 | 0 | 1 | |a Transformačné technológie v zdravotníctve: formovanie prostredia prepojeného zdravotníctva v oblasti starostlivosti o pacientov |y slo |
| 245 | 1 | 0 | |a Transformative Health Technologies: Shaping the Landscape of Connected Health in Patient Care |
| 260 | |c 2024 | ||
| 650 | 4 | |a telemedicína |2 slo | |
| 650 | 4 | |a modelovanie procesov |2 slo | |
| 650 | 4 | |a prepojené zdravie |2 slo | |
| 650 | 4 | |a connected health |2 eng | |
| 650 | 4 | |a telemedicine |2 eng | |
| 650 | 4 | |a process modeling |2 eng | |
| 700 | 1 | |a , |4 ths |X null |7 null | |
| 856 | 4 | |u http://is.stuba.sk/zp/portal_zp.pl?podrobnosti_zp=99177 | |